HTTP essentials : (Record no. 33395)
[ view plain ]
| 000 -LEADER | |
|---|---|
| fixed length control field | 01494cam a22003134a 4500 |
| 005 - DATE AND TIME OF LATEST TRANSACTION | |
| control field | 20230903092104.0 |
| 008 - FIXED-LENGTH DATA ELEMENTS--GENERAL INFORMATION | |
| fixed length control field | 010117s2001 nyu b 001 0 eng |
| 010 ## - LIBRARY OF CONGRESS CONTROL NUMBER | |
| LC control number | 2001017643 |
| 020 ## - INTERNATIONAL STANDARD BOOK NUMBER | |
| ISBN | 0471398233 (pbk./CDROM : alk. paper) |
| 040 ## - CATALOGING SOURCE | |
| Original cataloging agency | DLC |
| Transcribing agency | DLC |
| Modifying agency | DLC |
| 042 ## - AUTHENTICATION CODE | |
| Authentication code | pcc |
| 050 00 - LIBRARY OF CONGRESS CALL NUMBER | |
| Classification number | TK5105.888 |
| Item number | .T48 2001 |
| 082 00 - DEWEY DECIMAL CLASSIFICATION NUMBER | |
| Classification number | 005.7/1376 |
| Edition number | 21 |
| Item number | THO-H |
| 100 1# - MAIN ENTRY--AUTHOR | |
| Author Name | Thomas, Stephen A., |
| Dates associated with a name | 1962- |
| 245 10 - TITLE STATEMENT | |
| Title | HTTP essentials : |
| Remainder of title | protocols for secure, scaleable, Web sites / |
| Statement of responsibility, etc. | Stephen A. Thomas. |
| 260 ## - PUBLICATION, DISTRIBUTION, ETC. | |
| Place of Publication | New York : |
| Name of publisher, distributor, etc. | Wiley, |
| Date of publication, distribution, etc. | c2001. |
| 300 ## - PHYSICAL DESCRIPTION | |
| Pages | xii, 321 p. : |
| 500 ## - GENERAL NOTE | |
| General note | "Wiley computer publishing". |
| 504 ## - BIBLIOGRAPHY, ETC. NOTE | |
| Bibliography, etc. note | Includes bibliographical references (p. 279-282) and index. |
| 538 ## - SYSTEM DETAILS NOTE | |
| System details note | System requirements for accompanying computer disc : Adobe Acrobat reader 4.0 for Windows and MacOS |
| 650 #0 - SUBJECT ADDED ENTRY--TOPICAL TERM | |
| Subject / Department | Web site development. |
| 650 #0 - SUBJECT ADDED ENTRY--TOPICAL TERM | |
| Subject / Department | HTTP (Computer network protocol) |
| 300 ## - PHYSICAL DESCRIPTION | |
| -- | ill. ; |
| -- | 24 cm. + |
| 856 42 - | |
| -- | Contributor biographical information |
| -- | http://www.loc.gov/catdir/bios/wiley043/2001017643.html |
| 856 42 - | |
| -- | Publisher description |
| -- | http://www.loc.gov/catdir/description/wiley036/2001017643.html |
| 856 4# - | |
| -- | Table of Contents |
| -- | http://www.loc.gov/catdir/toc/onix07/2001017643.html |
| 906 ## - LOCAL DATA ELEMENT F, LDF (RLIN) | |
| a | 7 |
| b | cbc |
| c | orignew |
| d | 1 |
| e | ocip |
| f | 19 |
| g | y-gencatlg |
| 952 ## - LOCATION AND ITEM INFORMATION (KOHA) | |
| -- | 0 |
| -- | 0 |
| Lost status | Damaged status | Permanent Location | Current Location | Shelving Location | Date acquired | Full Call Number | Accession No./Barcode | Date last seen | item type |
|---|---|---|---|---|---|---|---|---|---|
| Superior Information Resource Center (SIRC) Superior University- Gold Campus | Superior Information Resource Center (SIRC) Superior University- Gold Campus | Web Programming | 09/03/2023 | 005.7 THO-H 2001 | 19772 | 09/03/2023 | BOOK |
